000 01116nam a22002657a 4500
999 _c20729
_d20729
005 20200124120100.0
008 200124b xxu||||| |||| 00| 0 spa d
040 _aCO-BoIAVH
_cCO-BoIAVH
041 _apor
044 _abl
082 _a639.3
_bG89c
110 _aGrupo de pesquisa em conservação e Gestão de Recursos Naturais de Uso Comum (CGCommons)
245 _aCaiçaras e caipiras: uma prosa sobre natureza, desenvolvimento e cultura
_bSete anos de pesquisa e extensão universitária
_cCG Commons; organizadores Luciana Gomes Araujo y otros
260 _aCampinas,
_bUNICAMP,
_bNEPAM
_c2017.
300 _a63 páginas
_bFotografías e ilustraciones,
_c28.4 x 21.9 cm
650 0 _aPesca
650 0 _aConservación ambiental
650 0 _aManejo de recursos naturales
700 _aEsteves Dias, Ana Carolina
_eOrganizadora
700 _aSantos Prado, Deborah
_eOrganizadora
700 _aRodrigues de Freitas, Rodrigo
_eOrganizadora
700 _aSimao Seixas, Cristiana
_eOrganizadora
942 _2ddc
_cLIBRO